Como invertir en Bonex (Registro nro. 5476)

Detalles MARC
000 -LEADER
fixed length control field 00829 a2200217 4500
001 - CONTROL NUMBER
control field 54307
005 - DATE AND TIME OF LATEST TRANSACTION
control field 20260407155814.0
008 - FIXED-LENGTH DATA ELEMENTS--GENERAL INFORMATION
fixed length control field 260407a1990 arg spa d
003 - CONTROL NUMBER IDENTIFIER
control field AR-UNSa-BCEJYS
040 ## - CATALOGING SOURCE
Original cataloging agency AR-UNSa-BCEJYS
Language of cataloging spa
Transcribing agency AR-UNSa-BCEJYS
080 ## - UNIVERSAL DECIMAL CLASSIFICATION NUMBER
Universal Decimal Classification number 336.76
Common auxiliary subdivision Bolsa. Mercado del dinero. Mercado del capital
020 ## - INTERNATIONAL STANDARD BOOK NUMBER
International Standard Book Number 950-718-021-4
100 1# - MAIN ENTRY--PERSONAL NAME
Personal name Rivas, Aníbal R.
245 10 - TITLE STATEMENT
Title Como invertir en Bonex
264 #1 - PRODUCTION, PUBLICATION, DISTRIBUTION, MANUFACTURE, AND COPYRIGHT NOTICE
Place of production, publication, distribution, manufacture Buenos Aires :
Name of producer, publisher, distributor, manufacturer Tesis
Date of production, publication, distribution, manufacture, or copyright notice 1990
300 ## - PHYSICAL DESCRIPTION
Extent 136 p.
Dimensions 20cm.
505 ## - FORMATTED CONTENTS NOTE
Formatted contents note 1. Conocimenmtos básicos.Normas - 2. Transacciones en dólares y australes.Bonex 1989,sus ventajas - 3. Rendimiento de los bonex - 4. Criterios básicos de decisión - 5. Aplicaciones prácticas - 6. Diseñe su autojubilación
590 ## - LOCAL NOTE (RLIN)
Local note niveau_biblio:m niveau_hierar:0
700 1# - ADDED ENTRY--PERSONAL NAME
Personal name Bartolome, Gerardo M.
942 ## - ADDED ENTRY ELEMENTS (KOHA)
Koha item type
Existencias
Withdrawn status Lost status Damaged status Not for loan Home library Current library Shelving location Date acquired Total checkouts Full call number Barcode Date last seen Price effective from Koha item type
        Biblioteca Prof. Eusebio Cleto del Rey Biblioteca Prof. Eusebio Cleto del Rey   07/04/2026   336.76 R616 L53933 07/04/2026 07/04/2026 Libro